000 00606nam a2200181 i 4500
001 116112
003 ES-MaACL
005 20230906190634.0
007 t|
008 061121q1950 sp af |||| | spa d
080 _a94(675)"1908/60"
100 1 _aPaternostre, Marcel.
_989559
245 1 3 _aLa obra civilizadora de los belgas en el Congo /
_cMarcel Paternostre.
260 _aBruselas :
_bComité para la Civilización Cristiana en el Congo Belga,
_c[1950?]
300 _a95 p., 8 lám. :
_bil. ;
_c25 cm.
651 4 _aCongo (República Democrática)-
_xHistoria.
_9166738
852 _aES-MaACL
_jD-7332
999 _c116112
_d116112